La Conservación de los Rios Barbas, Roble, Consota,Cestillal, La Quebrada Boquía y la Reserva Bremen en un área protegida (Registro nro. 19593)
[ vista simple ]
| 000 -CABECERA | |
|---|---|
| Campo de control | 00887nam a2200193 a 4500 |
| 005 - FECHA Y HORA DE LA ULTIMA TRANSACCION | |
| Campo de control | 20180803170406.0 |
| 008 - ELEMENTOS DE LONGITUD FIJA—INFORMACION GENERAL | |
| Campo de control | 170609nxx ck ao|||r|||| 00| 0 spa d |
| 040 ## - FUENTE DE CATALOGACIÓN | |
| Agencia catalogadora original | CO-BoIAVH |
| Agencia transcriptora | CO-BoIAVH |
| 041 0# - IDIOMA | |
| Código de idioma para texto/pista de sonido o título separado | Español |
| 044 ## - PAÍS DE PUBLICACIÓN | |
| País de publicación | Colombia |
| 090 ## - CLASIFICACIÓN LOCAL | |
| Colección | FH- |
| Consecutivo | 0059 |
| 245 00 - MENCION DE TITULO | |
| Título | La Conservación de los Rios Barbas, Roble, Consota,Cestillal, La Quebrada Boquía y la Reserva Bremen en un área protegida |
| 260 ## - PUBLICACION, DISTRIBUCION, ETC. (PIE DE IMPRENTA) | |
| Lugar de publicación, distribución, etc. | Bogotá (Colombia) : |
| Nombre del editor, distribuidor, etc. | Instituto de Investigación de Recursos Biológicos Alexander von Humboldt : |
| -- | Corporación Autónoma Regional del Quindío : |
| -- | Corporación Autónoma Regional de Risaralda, |
| Fecha de publicación, distribución, etc. | [s.f.]. |
| 300 ## - DESCRIPCION FISICA | |
| Extensión | 1 folleto plegable : |
| Otros detalles físicos | ilustraciones a color y fotografías a color ; |
| Dimensiones | 24 x 17 cm. |
| 650 26 - ASIENTO SECUNDARIO DE MATERIA - TERMINO TEMATICO | |
| Término temático o nombre geográfico como elemento de entrada | Cursos de agua |
| Subdivisión general | conservación |
| Subdivisión geográfica | Colombia |
| 9 (RLIN) | 82989 |
| 650 24 - ASIENTO SECUNDARIO DE MATERIA - TERMINO TEMATICO | |
| Término temático o nombre geográfico como elemento de entrada | Ríos |
| Subdivisión general | conservación |
| Subdivisión geográfica | Colombia |
| 9 (RLIN) | 82990 |
| 650 26 - ASIENTO SECUNDARIO DE MATERIA - TERMINO TEMATICO | |
| Término temático o nombre geográfico como elemento de entrada | Reservas naturales |
| 9 (RLIN) | 95566 |
| 942 ## - ELEMENTOS ADICIONALES (KOHA) | |
| Sistema de clasificación | Local |
| Tipo de ítem | Folleto |
| Withdrawn status | Lost status | Sistema de Clasificación | Damaged status | No para préstamo | Colección | Ubicación Permanente | Ubicación actual | Fecha de adquisición | Total Checkouts | Número topográfico | Inventario / Código de Barras | Date last seen | Ejemplar | Price effective from | Forma de adquisición | Tipo de material |
|---|---|---|---|---|---|---|---|---|---|---|---|---|---|---|---|---|
| Local | Hemeroteca | Bogotá | Bogotá | 09/06/2017 | FH-0059 | 041398 | 09/06/2017 | Ej.1 | 09/06/2017 | Donación | Folleto | |||||
| Dewey Decimal Classification | Hemeroteca | Bogotá | Bogotá | 28/01/2020 | FH-0059 | 043506 | 28/01/2020 | Ej. 2 | 28/01/2020 | Institucional | Folleto |